000 00617nam a2200241Ia 4500
003 OSt
005 20220918174856.0
006 a|||||r|||| 00| 0
007 ta
008 220917b |||||||| |||| 00| 0 eng d
024 _a14,504
037 _cTextual
040 _aARTS
_cARTS
_beng
041 _2eng
_aeng
082 _aNQ:f3, G4
100 _aHiler Hilaire
_952078
245 0 _aNotes on the technique of painting
260 _aLondon
_bFaber & Faber
_c1934
300 _ax, 347p.
_ccm.
650 _aARTS
942 _hNQ:f3, G4
_cTEXL
_2CC
999 _c155052
_d155052